[Event "Tbilisi"]
[Site "Tbilisi"]
[Date "1985.??.??"]
[Round "?"]
[White "Naumkin, Igor"]
[Black "Oll, Lembit"]
[Result "1-0"]
[WhiteElo "2390"]
[BlackElo "2405"]
[Annotator "ChessBase"]
[PlyCount "47"]
[EventDate "1985.??.??"]
[EventType "tourn"]
[EventRounds "9"]
[EventCountry "URS"]
[Source "ChessBase"]
[SourceDate "1998.11.10"]

1. d4 Nf6 2. c4 e6 3. Nf3 c5 4. d5 b5 5. Bg5 h6 6. Bxf6 Qxf6 7. Nc3 b4 8. Nb5
Kd8 9. a3 Qxb2 10. e4 a6 11. axb4 exd5 (11... Qxb4+ $5 12. Nd2 Bb7 (12... d6
13. Qc2 {/\ Ra4+-}) 13. Rb1 Qa5 14. Nd6 Bxd6 15. Rxb7 Bf4 $17) 12. cxd5 Bb7 13.
Rb1 Qf6 14. e5 Qf4 $2 (14... Qb6 $142 $5 15. Nd6 Bxd6 16. bxc5 Qa5+ 17. Qd2
Qxd2+ 18. Nxd2 Re8 19. Nc4 Bxe5 20. Rxb7 Kc8 21. Rb3 Bd6+ 22. Be2 Bxc5 23. Kd2
a5 24. Rc1 Kd8 25. Rb7 a4 26. Ne3 Bxe3+ 27. fxe3 a3 28. Bf3 Ke7 29. Ra1 Kd6 30.
Rb3 a2 31. Rb2 Na6 32. Rbxa2 Nc7 33. Rxa8 Rxa8 34. Rxa8 Nxa8 35. e4 Ke5 36. Ke3
Nb6 37. g3 $11) 15. Nc3 cxb4 16. g3 Qg4 17. Bd3 d6 (17... bxc3 18. Rxb7 Bb4 19.
O-O a5 20. Kg2 f6 (20... Kc8 21. h3 Qh5 22. g4 $18) 21. h3 Qh5 22. Qa4 {
/\ Rb4+-}) 18. e6 $1 fxe6 19. h3 Qh5 20. g4 Qf7 21. Rxb4 e5 22. O-O a5 23. Rb6
Bxd5 24. Nxe5 $1 (24. Nxe5 $1 dxe5 25. Be4 Kc7 26. Nxd5+ Kc8 27. Bf5+ Kd8 28.
Ne7+ Kxe7 29. Rb7+ $18) 1-0

[Event "Tallinn"]
[Site "Tallinn"]
[Date "1985.??.??"]
[Round "?"]
[White "Drasko, Milan"]
[Black "Oll, Lembit"]
[Result "1/2-1/2"]
[WhiteElo "2460"]
[BlackElo "2405"]
[PlyCount "57"]
[EventDate "1985.02.??"]
[EventType "tourn"]
[EventRounds "15"]
[EventCountry "URS"]
[EventCategory "9"]
[Source "ChessBase"]
[SourceDate "1999.07.01"]

1. Nf3 Nf6 2. c4 g6 3. d4 Bg7 4. g3 O-O 5. Bg2 d6 6. O-O Nbd7 7. Qc2 c5 8. Nc3
Rb8 9. Rd1 a6 10. dxc5 Nxc5 11. e4 Qc7 12. Bg5 Ncd7 13. Qe2 h6 14. Bf4 e5 15.
Bd2 b5 16. cxb5 axb5 17. b4 Nb6 18. Rac1 Qc4 19. Qe1 Qe6 20. Nxb5 Na4 21. Nc7
Qxa2 22. Ra1 Qb3 23. Rdb1 Qc4 24. Rc1 Qb3 25. Qe2 Bd7 26. Rab1 Qa3 27. Ra1 Qb3
28. Rab1 Qa3 29. Ra1 1/2-1/2

[Event "Tallinn"]
[Site "Tallinn"]
[Date "1985.??.??"]
[Round "?"]
[White "Karner, Hillar"]
[Black "Oll, Lembit"]
[Result "1/2-1/2"]
[WhiteElo "2390"]
[BlackElo "2405"]
[PlyCount "34"]
[EventDate "1985.02.??"]
[EventType "tourn"]
[EventRounds "15"]
[EventCountry "URS"]
[EventCategory "9"]
[Source "ChessBase"]
[SourceDate "1999.07.01"]

1. e4 c5 2. Nf3 e6 3. d4 cxd4 4. Nxd4 Nf6 5. Nc3 d6 6. Be2 Be7 7. O-O a6 8. f4
Qc7 9. a4 O-O 10. a5 Nc6 11. Nb3 d5 12. exd5 Nxd5 13. Nxd5 exd5 14. Be3 d4 15.
Bxd4 Nxd4 16. Nxd4 Bb4 17. Bd3 g6 1/2-1/2

[Event "Tallinn"]
[Site "Tallinn"]
[Date "1985.??.??"]
[Round "?"]
[White "Kochyev, Alexander"]
[Black "Oll, Lembit"]
[Result "1/2-1/2"]
[WhiteElo "2465"]
[BlackElo "2405"]
[PlyCount "58"]
[EventDate "1985.02.??"]
[EventType "tourn"]
[EventRounds "15"]
[EventCountry "URS"]
[EventCategory "9"]
[Source "ChessBase"]
[SourceDate "1999.07.01"]

1. Nf3 Nf6 2. d4 e6 3. g3 d5 4. Bg2 Be7 5. O-O O-O 6. c4 dxc4 7. Qc2 a6 8. Nbd2
b5 9. Ng5 Ra7 10. b3 Bb7 11. bxc4 Bxg2 12. Kxg2 Nc6 13. Nde4 g6 14. Nf3 Qa8 15.
Be3 Ng4 16. Bd2 f5 17. d5 Nce5 18. Neg5 exd5 19. Ne6 Rf6 20. cxd5 Qxd5 21. Nf4
Qc4 22. Qb2 Bd6 23. Bc3 Qe4 24. Qb3+ Rf7 25. Rad1 Ra8 26. h3 Nf6 27. Ne6 Nxf3
28. exf3 Qc4 29. Qxc4 bxc4 1/2-1/2

[Event "Tallinn"]
[Site "Tallinn"]
[Date "1985.??.??"]
[Round "?"]
[White "Oll, Lembit"]
[Black "Ehlvest, Jaan"]
[Result "0-1"]
[WhiteElo "2405"]
[BlackElo "2505"]
[PlyCount "62"]
[EventDate "1985.02.??"]
[EventType "tourn"]
[EventRounds "15"]
[EventCountry "URS"]
[EventCategory "9"]
[Source "ChessBase"]
[SourceDate "1999.07.01"]

1. e4 c5 2. Nf3 d6 3. d4 cxd4 4. Nxd4 Nf6 5. Nc3 a6 6. Bg5 e6 7. f4 Be7 8. Qf3
Qc7 9. O-O-O Nbd7 10. Bd3 Nc5 11. f5 O-O 12. Kb1 b5 13. fxe6 fxe6 14. Qh3 h6
15. Bh4 b4 16. Nce2 e5 17. Nf5 Bxf5 18. exf5 d5 19. Nc1 a5 20. Rhe1 a4 21. Bf1
Rfd8 22. Bxf6 Bxf6 23. Rxd5 Rxd5 24. Bc4 Kh8 25. Bxd5 Rd8 26. Rd1 a3 27. Ne2
axb2 28. Qg3 Qd6 29. c4 Qa6 30. Rd2 Ne4 31. Bxe4 Rxd2 0-1

[Event "Tallinn"]
[Site "Tallinn"]
[Date "1985.??.??"]
[Round "?"]
[White "Oll, Lembit"]
[Black "Gavrikov, Viktor"]
[Result "1/2-1/2"]
[WhiteElo "2405"]
[BlackElo "2550"]
[PlyCount "76"]
[EventDate "1985.02.??"]
[EventType "tourn"]
[EventRounds "15"]
[EventCountry "URS"]
[EventCategory "9"]
[Source "ChessBase"]
[SourceDate "1999.07.01"]

1. d4 Nf6 2. c4 g6 3. Nc3 d5 4. Nf3 Bg7 5. Qb3 dxc4 6. Qxc4 O-O 7. e4 Na6 8.
Be2 c5 9. d5 e6 10. O-O exd5 11. exd5 Re8 12. Bg5 h6 13. Bxf6 Qxf6 14. Rad1 Bd7
15. Rfe1 Qb6 16. Rd2 Rad8 17. a3 Qa5 18. Bf1 Rxe1 19. Nxe1 b5 20. Qf4 g5 21.
Qd6 c4 22. Nf3 Be8 23. Qe7 Qc7 24. Qe3 Qc5 25. Nd4 Nc7 26. Nf5 Qxe3 27. fxe3
Bd7 28. Nxg7 Kxg7 29. e4 Re8 30. Kf2 Na6 31. Ke3 Nc5 32. b4 Nxe4 33. Nxe4 f5
34. Rd4 Re5 35. Be2 Kf7 36. Bf3 Ke7 37. d6+ Kd8 38. Kd2 fxe4 1/2-1/2

[Event "Tallinn"]
[Site "Tallinn"]
[Date "1985.??.??"]
[Round "?"]
[White "Oll, Lembit"]
[Black "Karolyi, Tibor Jr"]
[Result "1/2-1/2"]
[WhiteElo "2405"]
[BlackElo "2445"]
[PlyCount "44"]
[EventDate "1985.02.??"]
[EventType "tourn"]
[EventRounds "15"]
[EventCountry "URS"]
[EventCategory "9"]
[Source "ChessBase"]
[SourceDate "1999.07.01"]

1. d4 Nf6 2. c4 e6 3. Nf3 b6 4. Nc3 Bb7 5. a3 g6 6. d5 exd5 7. cxd5 Bg7 8. g3
O-O 9. Bg2 c6 10. Bg5 h6 11. Bxf6 Qxf6 12. Rb1 c5 13. O-O d6 14. Nd2 Nd7 15. f4
Qe7 16. e4 Ba6 17. Rf3 c4 18. Qc2 Nc5 19. Rbf1 f5 20. Re1 Rae8 21. Kh1 Qf6 22.
Rfe3 Re7 1/2-1/2

[Event "Tallinn"]
[Site "Tallinn"]
[Date "1985.??.??"]
[Round "?"]
[White "Oll, Lembit"]
[Black "Tal, Mihail"]
[Result "1/2-1/2"]
[WhiteElo "2405"]
[BlackElo "2565"]
[PlyCount "63"]
[EventDate "1985.02.??"]
[EventType "tourn"]
[EventRounds "15"]
[EventCountry "URS"]
[EventCategory "9"]
[Source "ChessBase"]
[SourceDate "1999.07.01"]

1. e4 c5 2. Nf3 d6 3. d4 cxd4 4. Nxd4 Nf6 5. Nc3 Nc6 6. Bg5 e6 7. Qd2 Be7 8.
O-O-O O-O 9. f4 d5 10. e5 Nd7 11. Bxe7 Qxe7 12. Kb1 Nb6 13. Be2 Bd7 14. h4 Rac8
15. h5 h6 16. g4 f6 17. exf6 Qxf6 18. Rhf1 Nxd4 19. Qxd4 Nc4 20. Rf3 Qxd4 21.
Rxd4 Na5 22. f5 Nc6 23. Rd1 Rce8 24. fxe6 Bxe6 25. Rxf8+ Kxf8 26. Nb5 Bd7 27.
Rf1+ Kg8 28. Bf3 Re5 29. Kc1 Rg5 30. Nc7 Ne7 31. Re1 Kf7 32. Rf1 1/2-1/2

[Event "Tallinn"]
[Site "Tallinn"]
[Date "1985.??.??"]
[Round "?"]
[White "Oll, Lembit"]
[Black "Yrjola, Jouni"]
[Result "1-0"]
[WhiteElo "2405"]
[BlackElo "2500"]
[PlyCount "81"]
[EventDate "1985.02.??"]
[EventType "tourn"]
[EventRounds "15"]
[EventCountry "URS"]
[EventCategory "9"]
[Source "ChessBase"]
[SourceDate "1999.07.01"]

1. d4 d5 2. c4 c6 3. Nf3 Nf6 4. Nc3 dxc4 5. a4 Bg4 6. Ne5 Bh5 7. f3 Nfd7 8.
Nxc4 e5 9. Ne4 Bb4+ 10. Bd2 Qe7 11. dxe5 O-O 12. Rc1 a5 13. Bxb4 axb4 14. Qd6
Re8 15. Qxe7 Rxe7 16. Ng3 Bg6 17. f4 Rxa4 18. f5 b5 19. Nd6 Rxe5 20. e4 Nc5 21.
Be2 Bxf5 22. Ndxf5 Ra2 23. O-O Rxb2 24. Rfd1 Nbd7 25. Nd4 h5 26. Nxc6 Rg5 27.
Bxh5 b3 28. Bf3 Nb6 29. Nf5 Nc4 30. Rd5 Rc2 31. Rf1 Ne6 32. Nb4 Rc3 33. h4 b2
34. Nd3 Nf4 35. Rd8+ Kh7 36. Nxb2 Rxf5 37. Nxc4 Rc5 38. Nb6 b4 39. Rb8 b3 40.
Kh2 Nd3 41. Rb1 1-0

[Event "Tallinn"]
[Site "Tallinn"]
[Date "1985.??.??"]
[Round "?"]
[White "Pribyl, Josef"]
[Black "Oll, Lembit"]
[Result "1/2-1/2"]
[WhiteElo "2405"]
[BlackElo "2405"]
[PlyCount "31"]
[EventDate "1985.02.??"]
[EventType "tourn"]
[EventRounds "15"]
[EventCountry "URS"]
[EventCategory "9"]
[Source "ChessBase"]
[SourceDate "1999.07.01"]

1. d4 Nf6 2. g3 c5 3. c3 e6 4. Bg2 d5 5. Nf3 Nc6 6. O-O Bd6 7. Bf4 O-O 8. Nbd2
Bxf4 9. gxf4 cxd4 10. cxd4 Qb6 11. Nb3 a5 12. e3 a4 13. Nc5 Qxb2 14. Nxa4 Qb4
15. Nc5 b6 16. Nd3 1/2-1/2

[Event "Tallinn"]
[Site "Tallinn"]
[Date "1985.??.??"]
[Round "?"]
[White "Veingold, Aleksandr"]
[Black "Oll, Lembit"]
[Result "1/2-1/2"]
[WhiteElo "2435"]
[BlackElo "2405"]
[PlyCount "52"]
[EventDate "1985.02.??"]
[EventType "tourn"]
[EventRounds "15"]
[EventCountry "URS"]
[EventCategory "9"]
[Source "ChessBase"]
[SourceDate "1999.07.01"]

1. d4 Nf6 2. c4 e6 3. Nc3 Bb4 4. e3 c5 5. Nge2 cxd4 6. exd4 O-O 7. a3 Be7 8. d5
exd5 9. cxd5 Re8 10. d6 Bf8 11. g3 Re6 12. Bf4 Qb6 13. Bh3 Re8 14. O-O Nc6 15.
Bg2 Ne5 16. Nd4 Bxd6 17. Re1 h6 18. Nf3 Nfg4 19. Ne4 Bf8 20. Nxe5 Nxe5 21. Nc3
d6 22. Nd5 Qd8 23. Qb3 Rb8 24. h3 Bd7 25. Re2 Bc6 26. Rae1 Rc8 1/2-1/2

[Event "URS-chT"]
[Site "Volgograd"]
[Date "1985.05.??"]
[Round "?"]
[White "Oll, Lembit"]
[Black "Sokolov, Andrei"]
[Result "1-0"]
[WhiteElo "2405"]
[BlackElo "2550"]
[PlyCount "89"]
[EventDate "1985.05.??"]
[EventType "team"]
[EventRounds "9"]
[EventCountry "URS"]
[Source "ChessBase"]
[SourceDate "2004.11.15"]

1. d4 Nf6 2. c4 e6 3. Nc3 Bb4 4. e3 O-O 5. Nge2 d5 6. cxd5 exd5 7. g3 a5 8. Bg2
c6 9. O-O Na6 10. f3 Re8 11. e4 dxe4 12. fxe4 Bg4 13. Bg5 Be7 14. Be3 Nc7 15.
h3 Bxe2 16. Qxe2 Bb4 17. Qd3 Qe7 18. e5 Qe6 19. a3 Bf8 20. Rf5 Nfd5 21. Raf1
Nxe3 22. Qxe3 f6 23. Ne4 Nd5 24. Qf3 Be7 25. exf6 Nxf6 26. Ng5 Qc4 27. Rd1 h6
28. Bf1 Qa2 29. b3 b5 30. Ne6 Bd6 31. Rxf6 gxf6 32. Qxf6 Re7 33. Qg6+ Kh8 34.
Qxh6+ Kg8 35. Qg6+ Kh8 36. Qh6+ Kg8 37. Qg6+ Kh8 38. Qh6+ Kg8 39. Qg6+ Kh8 40.
Qf6+ Kg8 41. Qg5+ Kf7 42. Bxb5 Qc2 43. Rf1+ Ke8 44. Qd5 cxb5 45. Qxb5+ 1-0

[Event "URS-ch sf"]
[Site "Kostroma"]
[Date "1985.??.??"]
[Round "1"]
[White "Oll, Lembit"]
[Black "Khasin, Alexander"]
[Result "1-0"]
[WhiteElo "2405"]
[BlackElo "2420"]
[PlyCount "91"]
[EventDate "1985.07.??"]
[Source "ChessBase"]
[SourceDate "1999.07.01"]

1. e4 c5 2. Nf3 d6 3. d4 cxd4 4. Nxd4 Nf6 5. Nc3 Nc6 6. Bg5 e6 7. Qd2 a6 8.
O-O-O h6 9. Be3 Be7 10. Be2 Bd7 11. f4 b5 12. Bf3 Rc8 13. g4 Nxd4 14. Qxd4 Qc7
15. g5 e5 16. Qd3 hxg5 17. fxg5 Ng4 18. Nd5 Qc4 19. Qxc4 Rxc4 20. h4 Be6 21.
Bb6 Rc6 22. Ba7 f6 23. Rdg1 Bxd5 24. exd5 Rc7 25. Bb8 Rc8 26. Bxd6 Ne3 27. Bxe7
Kxe7 28. gxf6+ gxf6 29. c3 Rcg8 30. h5 f5 31. Re1 f4 32. Reg1 Nf5 33. Rxg8 Rxg8
34. h6 Kf6 35. h7 Rh8 36. Kd2 Ng3 37. Rh6+ Kg5 38. Re6 Kf5 39. Re7 e4 40. Bg2
f3 41. Bh3+ Kf4 42. Rf7+ Ke5 43. Ke3 Nh1 44. Be6 f2 45. Rf5+ Kd6 46. Bg8 1-0

[Event "URS-ch sf"]
[Site "Kostroma"]
[Date "1985.??.??"]
[Round "3"]
[White "Oll, Lembit"]
[Black "Basin, Leonid"]
[Result "1/2-1/2"]
[WhiteElo "2405"]
[BlackElo "2200"]
[PlyCount "55"]
[EventDate "1985.07.??"]
[Source "ChessBase"]
[SourceDate "1999.07.01"]

1. e4 c5 2. Nf3 d6 3. d4 cxd4 4. Nxd4 Nf6 5. Nc3 g6 6. Be3 Bg7 7. f3 Nc6 8. Qd2
O-O 9. O-O-O d5 10. exd5 Nxd5 11. Nxc6 bxc6 12. Bd4 e5 13. Bc5 Be6 14. Ne4 Rb8
15. c4 Qc7 16. Bxf8 Bxf8 17. cxd5 cxd5+ 18. Qc3 Qe7 19. Qxe5 Rc8+ 20. Nc3 Bg7
21. Qf4 Qc5 22. Kd2 Qb6 23. Ke1 Qxb2 24. Ne2 Rc4 25. Qe3 Bf8 26. Qd3 Bb4+ 27.
Kf2 Bc5+ 28. Ke1 1/2-1/2

[Event "URS-ch sf"]
[Site "Kostroma"]
[Date "1985.??.??"]
[Round "5"]
[White "Oll, Lembit"]
[Black "Yandemirov, Valeri"]
[Result "1-0"]
[WhiteElo "2405"]
[BlackElo "2200"]
[PlyCount "83"]
[EventDate "1985.07.??"]
[Source "ChessBase"]
[SourceDate "1999.07.01"]

1. d4 Nf6 2. c4 g6 3. Nc3 d5 4. Nf3 Bg7 5. Qb3 dxc4 6. Qxc4 O-O 7. e4 a6 8. Qb3
b5 9. e5 Nfd7 10. h4 c5 11. e6 c4 12. exf7+ Rxf7 13. Qd1 Nf6 14. Ne5 Rf8 15. a4
Be6 16. axb5 Nbd7 17. Nc6 Qb6 18. Be3 Ng4 19. Nxe7+ Kh8 20. Ned5 Qd6 21. Bxc4
Nxe3 22. Nxe3 Bxc4 23. Nxc4 Rae8+ 24. Ne3 axb5 25. O-O b4 26. Ne2 Re4 27. g3
Rfe8 28. Qd3 Bh6 29. Ra8 Nb8 30. Nc4 Qc6 31. Rfa1 Bg7 32. Ne3 Bh6 33. d5 Qc8
34. d6 Bxe3 35. fxe3 Qg4 36. Kg2 Rxe3 37. Qd4+ Qxd4 38. Nxd4 Rd8 39. R1a4 Kg7
40. Rxb4 Nc6 41. Rxd8 Nxd8 42. Rb8 1-0

[Event "URS-ch sf"]
[Site "Kostroma"]
[Date "1985.??.??"]
[Round "6"]
[White "Malevinsky, Alexander"]
[Black "Oll, Lembit"]
[Result "1-0"]
[WhiteElo "2395"]
[BlackElo "2405"]
[PlyCount "83"]
[EventDate "1985.07.??"]
[Source "ChessBase"]
[SourceDate "1999.07.01"]

1. e4 c5 2. c3 d6 3. d4 Nf6 4. dxc5 Nc6 5. Bc4 Nxe4 6. Bxf7+ Kxf7 7. Qh5+ Kg8
8. Qd5+ e6 9. Qxe4 d5 10. Qe3 d4 11. Qe4 e5 12. Nf3 Qf6 13. Ng5 Be7 14. Qd5+
Kf8 15. f4 Qg6 16. O-O Bxg5 17. fxg5+ Ke7 18. Nd2 Rd8 19. Qb3 Rb8 20. cxd4 Nxd4
21. Qe3 Rd5 22. c6 Nxc6 23. Ne4 Bf5 24. Qa3+ Ke8 25. Ng3 Ra5 26. Qf3 Be6 27. b4
Rd5 28. Ne4 Bf7 29. Be3 Rbd8 30. Rac1 Kf8 31. h4 Kg8 32. Nc5 Nd4 33. Bxd4 Rxd4
34. h5 Qxh5 35. Qxh5 Bxh5 36. Ne6 Re8 37. Nxd4 exd4 38. Rc7 d3 39. Rd7 Rc8 40.
Rf4 Be2 41. Kf2 h6 42. g6 1-0

[Event "URS-ch sf"]
[Site "Kostroma"]
[Date "1985.??.??"]
[Round "8"]
[White "Taborov, Boris"]
[Black "Oll, Lembit"]
[Result "1/2-1/2"]
[WhiteElo "2365"]
[BlackElo "2405"]
[PlyCount "45"]
[EventDate "1985.07.??"]
[Source "ChessBase"]
[SourceDate "1999.07.01"]

1. d4 Nf6 2. Nf3 g6 3. Bg5 Bg7 4. Nbd2 d6 5. e4 O-O 6. Bd3 h6 7. Bh4 g5 8. Bg3
Nh5 9. c3 e6 10. Ng1 Nxg3 11. hxg3 c5 12. dxc5 dxc5 13. Qe2 Qc7 14. Nh3 e5 15.
Ng1 Nd7 16. Ngf3 Nf6 17. a4 Rd8 18. Nc4 Ng4 19. O-O Be6 20. Nh2 Nf6 21. Nf3 Ng4
22. Nh2 Nf6 23. Nf3 1/2-1/2

[Event "URS-ch sf"]
[Site "Kostroma"]
[Date "1985.??.??"]
[Round "9"]
[White "Oll, Lembit"]
[Black "Yudasin, Leonid"]
[Result "1/2-1/2"]
[WhiteElo "2405"]
[BlackElo "2475"]
[PlyCount "49"]
[EventDate "1985.07.??"]
[Source "ChessBase"]
[SourceDate "1999.07.01"]

1. d4 Nf6 2. c4 c5 3. d5 e6 4. Nc3 exd5 5. cxd5 g6 6. e4 d6 7. Nf3 Bg7 8. Be2
O-O 9. O-O Re8 10. Nd2 Nbd7 11. a4 Ne5 12. Ndb1 a6 13. f4 Ned7 14. Nd2 c4 15.
e5 dxe5 16. Nxc4 Nb6 17. fxe5 Ng4 18. Nd6 Bxe5 19. Nxe8 Qh4 20. h3 Qg3 21. Bxg4
Qh2+ 22. Kf2 Qg3+ 23. Kg1 Qh2+ 24. Kf2 Qg3+ 25. Kg1 1/2-1/2

[Event "URS-ch sf"]
[Site "Kostroma"]
[Date "1985.??.??"]
[Round "10"]
[White "Klovans, Janis"]
[Black "Oll, Lembit"]
[Result "0-1"]
[WhiteElo "2435"]
[BlackElo "2405"]
[PlyCount "76"]
[EventDate "1985.07.??"]
[Source "ChessBase"]
[SourceDate "1999.07.01"]

1. e4 c6 2. d4 d5 3. Nd2 dxe4 4. Nxe4 Nd7 5. Bc4 Ngf6 6. Ng5 e6 7. Qe2 Nb6 8.
Bd3 h6 9. N5f3 c5 10. dxc5 Bxc5 11. Ne5 Nbd7 12. Ngf3 Nxe5 13. Nxe5 O-O 14. O-O
b6 15. Rd1 Qe7 16. b4 Bd6 17. Bb2 Bb7 18. b5 Rac8 19. Nc6 Bxc6 20. bxc6 Rxc6
21. Bxf6 Qxf6 22. Qe4 Rfc8 23. Rab1 Rc5 24. g3 g6 25. Rd2 Rd5 26. Rbd1 Bc5 27.
Kg2 Rcd8 28. Qf3 Qc3 29. Re2 Qa3 30. h4 Kg7 31. Rh1 Rd4 32. h5 g5 33. Rhe1 g4
34. Qb7 Qxa2 35. Rxe6 Rxd3 36. cxd3 Qxf2+ 37. Kh1 Qxg3 38. Rg6+ Kf8 0-1

[Event "URS-ch sf"]
[Site "Kostroma"]
[Date "1985.??.??"]
[Round "11"]
[White "Oll, Lembit"]
[Black "Dolmatov, Sergey"]
[Result "1/2-1/2"]
[WhiteElo "2405"]
[BlackElo "2540"]
[PlyCount "54"]
[EventDate "1985.07.??"]
[Source "ChessBase"]
[SourceDate "1999.07.01"]

1. e4 c5 2. Nf3 d6 3. d4 cxd4 4. Nxd4 Nf6 5. Nc3 a6 6. Bg5 e6 7. f4 Qb6 8. Qd2
Qxb2 9. Rb1 Qa3 10. f5 Nc6 11. fxe6 fxe6 12. Nxc6 bxc6 13. e5 dxe5 14. Bxf6
gxf6 15. Ne4 Qxa2 16. Rd1 Be7 17. Be2 O-O 18. O-O f5 19. Qh6 Qxc2 20. Rd3 Qxe2
21. Rg3+ Kf7 22. Rxf5+ exf5 23. Rg7+ Ke8 24. Qxc6+ Kd8 25. Qb6+ Ke8 26. Qc6+
Kd8 27. Qb6+ Ke8 1/2-1/2

[Event "URS-ch sf"]
[Site "Kostroma"]
[Date "1985.??.??"]
[Round "12"]
[White "Ivanov, Alexander"]
[Black "Oll, Lembit"]
[Result "1-0"]
[WhiteElo "2400"]
[BlackElo "2405"]
[PlyCount "117"]
[EventDate "1985.07.??"]
[Source "ChessBase"]
[SourceDate "1999.07.01"]

1. e4 c5 2. Nf3 d6 3. d4 cxd4 4. Nxd4 Nf6 5. Nc3 a6 6. Bc4 e6 7. Bb3 b5 8. O-O
Be7 9. f4 Bb7 10. Be3 b4 11. e5 bxc3 12. exf6 Bxf6 13. bxc3 O-O 14. Qd2 Qc7 15.
Rad1 d5 16. g4 Be7 17. f5 e5 18. f6 Bxf6 19. Nf5 d4 20. cxd4 exd4 21. Bxd4 Nd7
22. Bxf6 Nxf6 23. Qd6 Qxd6 24. Nxd6 Bc6 25. g5 Ne4 26. Nxf7 Nc5 27. Nh6+ Kh8
28. Nf7+ Kg8 29. Ne5+ Nxb3 30. Nxc6 Nc5 31. Ne7+ Kh8 32. c4 g6 33. Nd5 Ne4 34.
h4 Rxf1+ 35. Rxf1 Rc8 36. Ne3 Re8 37. Rd1 Nc3 38. Rd3 Nxa2 39. Nd5 Nc1 40. Ra3
Re6 41. Kf2 Kg7 42. Rc3 Ne2 43. Rb3 h5 44. Rb7+ Kf8 45. Rb8+ Kf7 46. Rb7+ Kf8
47. c5 Nd4 48. Nf4 Re4 49. Nxg6+ Ke8 50. Ra7 Nf5 51. c6 Kd8 52. Rf7 Nd4 53. c7+
Kc8 54. Nf4 Ne6 55. Kf3 Re1 56. g6 Rg1 57. Ke3 Nxf4 58. g7 Nd5+ 59. Kd4 1-0

[Event "URS-ch sf"]
[Site "Kostroma"]
[Date "1985.??.??"]
[Round "13"]
[White "Oll, Lembit"]
[Black "Shabanov, Yuri"]
[Result "1/2-1/2"]
[WhiteElo "2405"]
[BlackElo "2385"]
[PlyCount "81"]
[EventDate "1985.07.??"]
[Source "ChessBase"]
[SourceDate "1999.07.01"]

1. e4 c5 2. Nf3 Nc6 3. d4 cxd4 4. Nxd4 Nf6 5. Nc3 e6 6. Ndb5 Bb4 7. Bf4 Nxe4 8.
Qf3 d5 9. Nc7+ Kf8 10. O-O-O Bxc3 11. bxc3 Rb8 12. Nxd5 exd5 13. Qxe4 dxe4 14.
Rxd8+ Nxd8 15. Bxb8 a6 16. Bc4 Be6 17. Rd1 Ke7 18. Bd6+ Kf6 19. Rd4 Bxc4 20.
Rxc4 Ke6 21. Ba3 f5 22. Rc7 Rg8 23. c4 h6 24. Kd2 g5 25. Ke3 Re8 26. Bc5 Kf6
27. Bd4+ Kg6 28. Rc8 f4+ 29. Ke2 Kf7 30. Rb8 g4 31. g3 Nc6 32. Rxb7+ Re7 33.
Rxe7+ Nxe7 34. Be5 fxg3 35. Bxg3 Nf5 36. c5 Ke6 37. c6 h5 38. c3 h4 39. Bf4 h3
40. c7 Kd7 41. Be5 1/2-1/2

[Event "URS-ch sf"]
[Site "Kostroma"]
[Date "1985.??.??"]
[Round "14"]
[White "Zaichik, Gennadi"]
[Black "Oll, Lembit"]
[Result "1/2-1/2"]
[WhiteElo "2475"]
[BlackElo "2405"]
[PlyCount "51"]
[EventDate "1985.07.??"]
[Source "ChessBase"]
[SourceDate "1999.07.01"]

1. d4 Nf6 2. c4 e6 3. Nf3 c5 4. e3 cxd4 5. exd4 d5 6. a3 Nc6 7. Nc3 Be7 8. cxd5
exd5 9. Bb5 O-O 10. O-O Bg4 11. Bxc6 bxc6 12. h3 Bxf3 13. Qxf3 Rb8 14. Qd1 Ne4
15. Qc2 Nxc3 16. Qxc3 Qc7 17. Be3 a5 18. Rfc1 Rfc8 19. Rc2 Rb5 20. Re1 Bf8 21.
Qd2 a4 22. Qc1 Qb6 23. g3 Rb3 24. Kg2 h6 25. h4 Qb5 26. Kh2 1/2-1/2

[Event "URS-ch sf"]
[Site "Kostroma"]
[Date "1985.??.??"]
[Round "16"]
[White "Oll, Lembit"]
[Black "Aseev, Konstantin"]
[Result "1/2-1/2"]
[WhiteElo "2405"]
[BlackElo "2455"]
[PlyCount "68"]
[EventDate "1985.07.??"]
[Source "ChessBase"]
[SourceDate "1999.07.01"]

1. e4 c5 2. Nf3 d6 3. d4 cxd4 4. Nxd4 Nf6 5. Nc3 Nc6 6. Bg5 e6 7. Qd2 Be7 8.
O-O-O O-O 9. Nb3 d5 10. Bxf6 Bxf6 11. exd5 Bxc3 12. Qxc3 exd5 13. Bb5 Bf5 14.
Bxc6 bxc6 15. Nd4 Bd7 16. Nxc6 Qg5+ 17. Kb1 Bxc6 18. Qxc6 Qxg2 19. Qxd5 Qxf2
20. Rhf1 Qe2 21. Rde1 Rad8 22. Qxd8 Qxe1+ 23. Rxe1 Rxd8 24. c4 f5 25. Kc2 Kf7
26. c5 a5 27. a3 a4 28. b4 axb3+ 29. Kxb3 g5 30. Kb4 Rd2 31. c6 Rc2 32. Kb5 f4
33. Re5 Kg6 34. Rc5 Rxc5+ 1/2-1/2

[Event "Agzamov Memorial"]
[Site "Tashkent"]
[Date "1986.??.??"]
[Round "4"]
[White "Zaichik, Gennadi"]
[Black "Oll, Lembit"]
[Result "0-1"]
[WhiteElo "2480"]
[BlackElo "2405"]
[PlyCount "82"]
[EventDate "1986.??.??"]
[EventType "tourn"]
[EventRounds "17"]
[EventCountry "URS"]
[EventCategory "5"]
[Source "ChessBase"]
[SourceDate "1996.11.15"]

1. e4 c5 2. Nf3 d6 3. d4 cxd4 4. Nxd4 Nf6 5. Nc3 a6 6. Be2 e6 7. f4 Be7 8. O-O
O-O 9. Be3 Qc7 10. a4 b6 11. Bf3 Bb7 12. f5 e5 13. Nde2 Nbd7 14. Ng3 Rfc8 15.
Rf2 Qc4 16. Rd2 Qb4 17. Ra3 Nc5 18. Bxc5 Qxc5+ 19. Kh1 b5 20. Nd5 Bxd5 21. exd5
Qc4 22. Qe2 Qf4 23. axb5 axb5 24. Rxa8 Rxa8 25. Rd1 b4 26. Qb5 Ra2 27. Rf1 Rxb2
28. Qb7 Bf8 29. Bh5 Nxh5 30. Rxf4 exf4 31. Nf1 Nf6 32. Kg1 Ng4 33. h3 Ne3 34.
Nxe3 fxe3 35. Kf1 Rxc2 36. g4 Rb2 37. Qb6 e2+ 38. Ke1 b3 39. g5 g6 40. f6 Rb1+
41. Kxe2 b2 0-1

[Event "Agzamov Memorial"]
[Site "Tashkent"]
[Date "1986.??.??"]
[Round "5"]
[White "Oll, Lembit"]
[Black "Khasin, Alexander"]
[Result "1/2-1/2"]
[WhiteElo "2405"]
[BlackElo "2420"]
[PlyCount "60"]
[EventDate "1986.??.??"]
[EventType "tourn"]
[EventRounds "17"]
[EventCountry "URS"]
[EventCategory "5"]
[Source "ChessBase"]
[SourceDate "1996.11.15"]

1. e4 c5 2. Nf3 Nc6 3. d4 cxd4 4. Nxd4 Nf6 5. Nc3 d6 6. Bg5 e6 7. Qd2 a6 8.
O-O-O h6 9. Be3 Nxd4 10. Qxd4 Qc7 11. Qb6 Qxb6 12. Bxb6 Bd7 13. f3 Rc8 14. Ba5
Bc6 15. Bb4 d5 16. Bxf8 Rxf8 17. exd5 Nxd5 18. Nxd5 Bxd5 19. a3 Ke7 20. Bd3
Rfd8 21. Rhe1 g5 22. Be4 Bxe4 23. Rxe4 f5 24. Rxd8 Rxd8 25. Rb4 b5 26. a4 Rd5
27. axb5 axb5 28. c4 bxc4 29. Rxc4 Kd6 30. Kc2 Ra5 1/2-1/2